| Tag |
First Indicator |
Second Indicator |
Subfields |
| LEADER |
00000nam a2200000 i 4500 |
| 001 |
in00004053713 |
| 005 |
20190307103936.0 |
| 006 |
m o d f |
| 007 |
cr bn||||||||| |
| 008 |
161210s1966 dcuabf ob f000 0 eng c |
| 019 |
|
|
|a 953694537
|
| 035 |
|
|
|a (OCoLC)ocn965753786
|
| 042 |
|
|
|a pcc
|
| 043 |
|
|
|a n-usu--
|a n-us-pa
|a n-us-oh
|a n-us-wv
|
| 040 |
|
|
|a OCLCE
|b eng
|e rda
|e pn
|c OCLCE
|d OCLCQ
|d COP
|d OCLCF
|d OCLCA
|d GPO
|d MvI
|
| 049 |
|
|
|a WWW
|
| 074 |
|
|
|a 0620-A (online)
|
| 086 |
0 |
|
|a I 19.4/2:526
|
| 100 |
1 |
|
|a Biesecker, James E.,
|d 1941-
|e author.
|
| 245 |
1 |
0 |
|a Stream quality in Appalachia as related to coal-mine drainage, 1965 /
|c by J.E. Biesecker and J.R. George.
|
| 264 |
|
1 |
|a Washington :
|b United States Department of the Interior, Geological Survey,
|c 1966.
|
| 300 |
|
|
|a 1 online resource (iv, 27 pages) :
|b illustrations, maps +
|e 1 plate.
|
| 336 |
|
|
|a text
|b txt
|2 rdacontent
|
| 337 |
|
|
|a computer
|b c
|2 rdamedia
|
| 338 |
|
|
|a online resource
|b cr
|2 rdacarrier
|
| 490 |
1 |
|
|a Geological Survey circular ;
|v 526
|
| 588 |
|
|
|a Description based on online resource; title from PDF title page (USGS viewed Dec. 11, 2018).
|
| 504 |
|
|
|a Includes bibliographical references (page 13).
|
| 650 |
|
0 |
|a Mine drainage
|z Appalachian Region.
|
| 650 |
|
0 |
|a Water
|x Pollution
|z Appalachian Region.
|
| 650 |
|
0 |
|a Water quality
|z Appalachian Region.
|
| 650 |
|
7 |
|a Water
|x Pollution.
|2 fast
|0 (OCoLC)fst01171279
|
| 651 |
|
7 |
|a Ohio.
|2 fast
|0 (OCoLC)fst01205075
|
| 651 |
|
7 |
|a Pennsylvania.
|2 fast
|0 (OCoLC)fst01204598
|
| 651 |
|
7 |
|a Southern States.
|2 fast
|0 (OCoLC)fst01244550
|
| 651 |
|
7 |
|a West Virginia.
|2 fast
|0 (OCoLC)fst01205316
|
| 700 |
1 |
|
|a George, J. Richard,
|e author.
|
| 710 |
2 |
|
|a Geological Survey (U.S.),
|e issuing body.
|
| 776 |
0 |
8 |
|i Print version:
|a Biesecker, James E., 1941-.
|t Stream quality in Appalachia as related to coal-mine drainage, 1965
|w (OCoLC)15531440
|
| 830 |
|
0 |
|a Geological Survey circular ;
|v 526.
|
| 856 |
4 |
0 |
|u https://purl.fdlp.gov/GPO/gpo112995
|t 0
|
| 999 |
f |
f |
|s 4a82d1e8-bf81-3ace-8744-0255e451c4cf
|i 3847cf39-b9fd-30d4-85e2-4bd160eba21f
|t 0
|
| 952 |
f |
f |
|a Texas A&M University
|b College Station
|c Electronic Resources
|d Available Online
|t 0
|e I 19.4/2:526
|h Superintendent of Documents classification
|
| 998 |
f |
f |
|a I 19.4/2:526
|t 0
|l Available Online
|